000 00747nam a2200205 i 4500
001 93986
003 ES-MaACL
005 20230906181347.0
007 t|
008 050426s1948 sp ||||1| spa d
100 1 _aLópez Segura, Balbino.
_973975
245 1 4 _aLas ovejas de Zaragoza /
_cpor Balbino López Segura.
260 _aZaragoza :
_bTalls. Editoriales "EL Noticiero",
_c1948.
300 _a87 p. :
_bil. ;
_c24 cm.
490 1 _aPublicaciones de la Junta Provincial de Fomento Pecuario de Zaragoza
710 2 _aJunta Provincial de Fomento Pecuario de Zaragoza.
_95420
830 0 _aPublicaciones de la Junta Provincial de Fomento Pecuario de Zaragoza
_9232123
852 _aES-MaACL
_j1886-F-8
_bR.26020
999 _c93986
_d93986